[Event "PAL/CSS Freestyle fin 4th"]
[Site "Playchess.com INT"]
[Date "2006.10.21"]
[Round "6"]
[White "Xakru"]
[Black "Zor champ"]
[Result "1-0"]
[WhiteElo "2502"]
[BlackElo "2589"]
[Annotator "Dufek,J"]
[PlyCount "83"]
[EventDate "2006.10.20"]
[EventType "tourn"]
[EventRounds "9"]
[EventCountry "GER"]
[EventCategory "10"]
[SourceTitle "EXT 2008"]
[Source "ChessBase"]
[SourceDate "2007.11.25"]
[SourceVersion "1"]
[SourceVersionDate "2007.11.25"]
[SourceQuality "1"]

1. d4 d5 2. c4 e6 3. Nc3 Nf6 4. Nf3 c6 5. e3 Nbd7 6. Qc2 Bd6 7. g4 dxc4 8. Bxc4
e5 9. g5 Nd5 10. Ne4 Bc7 11. Bd2 exd4 12. Nxd4 O-O 13. O-O-O Ne5 14. Be2 Re8
15. h4 Ng4 16. Bf3 Bb6 17. Rhg1 Nh2 $2 {Diagram # very risky and probably bad
move. Knight is now totally out of game} (17... Ne5 $1) 18. Be2 $3 {For the
first sight easy move, but it was very hard to finding it. Now all white
pieces are on the right squares} Qe7 (18... Bxd4 19. exd4 Bf5 20. Bd3 Nf3 21.
Nf6+ gxf6 22. Bxf5 Nxd4 23. Qd3 Ne2+ 24. Kb1 Nxg1 25. Rxg1 {with strong
compensation}) 19. Nf6+ Nxf6 20. gxf6 Qxf6 {Diagram #} 21. Be1 $3 {Main idea
is totally isolate black knight on the h2, but there is too another little
hiddenidea} Bc7 {Diagram #} (21... Bh3 22. Rg3 Qxh4 23. Bc3 g6 24. Rh1 {
with problems about black pieces on the h-file}) (21... Rd8 22. Qe4 Bh3 23. Nc2
g6 24. Qh1 Rxd1+ 25. Bxd1 Qd6 26. Bb4 c5 27. Bc3 $16) 22. Bc3 $3 {We don't
pred icted black 21...Bc7 move, but we found with help of computer winning
move. Black is only six moves out of book and get lost position. Since 22.Bc3
black position is totally hopeless.} Qxf2 (22... g6 23. h5 {with strong attack}
) 23. Nf5 Qxf5 (23... Bxf5 24. Rxg7+ Kh8 25. Rxf7+ Be5 26. Rf8+ Kg7 27. Rxf5
$18) (23... g6 24. Nh6+ Kf8 25. Rgf1 Nxf1 26. Rxf1 Qxf1+ 27. Bxf1 $18) 24.
Rxg7+ {Winning in all lines. In this moment we had big pleasure analysing all
lines which leads to winning position.} Kf8 25. Bd3 Qf3 (25... Qc5 26. Rxf7+
Kxf7 27. Bc4+ Re6 28. Qxh7+ Ke8 29. Qxc7 Qe7 30. Qg3 Qh7 31. Qxh2 $18) 26. Bxh7
Bg4 (26... Bf5 27. Bf6 Qxe3+ 28. Rd2 Qe1+ 29. Qd1 Qg3 (29... Qxd1+ 30. Kxd1
Bg4+ 31. Kc2 Bf5+ 32. Bxf5) 30. Rxg3 Bxg3 31. Bxf5 Re1 32. Qxe1 Bxe1 33. Rxh2
$18) (26... Qxe3+ 27. Kb1 Re6 28. Rg8+ Ke7 29. Bg7 $18) 27. Rg5 Ke7 (27...
Qxe3+ 28. Bd2 Qxg5 29. Bxg5 $18) 28. Bb4+ Ke6 29. Qc4+ Kf6 30. Bc3+ Re5 31. Re1
$1 Bh3 32. Bc2 Rd8 33. Qf4+ Qxf4 34. exf4 Nf3 35. fxe5+ Ke7 36. Bb4+ Ke6 37.
Bb3+ Rd5 38. Bxd5+ cxd5 39. Rg3 Nxe1 40. Rxh3 Ng2 41. Bd2 {still problem with
knight on g2} Bxe5 42. h5 {and zor_champ resigns} 1-0

[Event "Bermuda-A"]
[Site "Bermuda"]
[Date "1995.??.??"]
[Round "5"]
[White "Ashley, Maurice"]
[Black "Lesiege, Alexandre"]
[Result "1/2-1/2"]
[WhiteElo "2460"]
[BlackElo "2460"]
[Annotator "Endgame-CD"]
[PlyCount "144"]
[EventDate "1995.01.??"]
[EventType "tourn"]
[EventRounds "9"]
[EventCountry "BER"]
[EventCategory "10"]
[SourceTitle "CBM 046"]
[Source "ChessBase"]
[SourceDate "1995.06.01"]
[SourceVersion "1"]
[SourceVersionDate "1995.06.01"]
[SourceQuality "1"]

1. d4 d5 2. c4 e6 3. Nc3 c6 4. e3 Nf6 5. Nf3 Nbd7 6. Qc2 Bd6 7. b3 O-O 8. Be2
Qe7 9. O-O b6 10. Bb2 Bb7 11. Rad1 Rfe8 12. Qb1 Rac8 13. Rfe1 Bb4 14. Qa1 Ne4
15. Rc1 Ndf6 16. Ne5 Nxc3 17. Bxc3 Bxc3 18. Rxc3 c5 19. cxd5 Nxd5 20. Rcc1 cxd4
21. Qxd4 Qb4 22. Qxb4 Nxb4 23. a3 Na2 24. Rxc8 Rxc8 25. Bc4 Nc3 26. Kf1 b5 27.
Bd3 f6 28. Nf3 Bxf3 29. gxf3 Rd8 30. Bc2 a5 31. Rc1 b4 32. axb4 axb4 33. Ra1
Rd2 34. Ra8+ Kf7 35. Bxh7 Rd6 36. Ra7+ Kf8 37. Bg6 Rd1+ 38. Kg2 Nd5 39. Rf7+
Kg8 40. Rb7 Kf8 41. Be4 Nc3 42. Rxb4 f5 43. Bb7 Rd2 44. f4 Nd1 45. Kg3 Nxf2 46.
Bf3 Kf7 47. h4 Kf6 48. h5 Rb2 49. Rd4 Ne4+ 50. Bxe4 fxe4 51. b4 Kf5 52. Rd8 Kf6
53. Rd4 Kf5 54. Rd8 Kf6 55. Rb8 Re2 56. b5 Rxe3+ 57. Kf2 Rb3 58. b6 Ke7 59. b7
Kd6 60. Rd8+ Kc7 61. Rg8 Kxb7 62. Rxg7+ Kc6 63. Rg3 Rb2+ 64. Kg1 Rb8 65. Rh3
Kd5 66. h6 Rh8 67. Kf2 Kd4 68. h7 e3+ 69. Rxe3 Rxh7 70. Rxe6 $10 Kd5 (70... Rh3
$10 {Cuts off the black King and draws as well.}) (70... Rf7 $2 $18 71. Kf3 Kd5
72. Re8 (72. Re5+ $4 Kd6 $10) 72... Kd6 73. Kg4 Kd7 74. Re4 Rf8 (74... Re7 75.
Rxe7+ Kxe7 76. Kg5 Kf7 77. Kf5 $18)) 71. Re5+ Kd6 72. Kf3 Re7 1/2-1/2

[Event "Reykjavik op"]
[Site "Reykjavik"]
[Date "2018.03.07"]
[Round "3"]
[White "Rapport, Richard"]
[Black "Nihal, Sarin"]
[Result "1/2-1/2"]
[WhiteElo "2715"]
[BlackElo "2534"]
[Annotator "Fernandez,D"]
[PlyCount "60"]
[EventDate "2018.03.06"]
[EventType "swiss"]
[EventRounds "9"]
[EventCountry "ISL"]
[SourceTitle "CBM 184"]
[Source "ChessBase"]
[SourceDate "2018.05.16"]
[SourceVersion "1"]
[SourceVersionDate "2018.05.16"]
[SourceQuality "1"]

{On top board yesterday, a prodigy made a solid draw from what might have
looked a nightmare pairing- Black against the top seed.} 1. d4 d5 2. c4 e6 3.
Nc3 c6 4. e3 Nf6 5. Nf3 Nbd7 6. Ne5 Bb4 7. Bd2 O-O 8. Be2 c5 {Due to White's
quiet setup, I would say Black has already equalised.} 9. O-O (9. a3 Bxc3 10.
Bxc3 Nxe5 11. dxe5 Ne4 $11) 9... cxd4 10. exd4 dxc4 11. Nxc4 (11. a3 {looks
like a better way to get the bishop pair (compared to the last note) but now
Black uses the d5-square and long diagonal to good effect.} Nxe5 12. dxe5 Bxc3
13. Bxc3 Nd5 14. Bd4 Nf4 15. Bf3 $5 (15. Bxc4 b5 $1 $132) 15... Nd3 16. Bc3 Qb6
$44 {White will get enough play, but not more.}) 11... Nb6 12. Bg5 (12. Na4 $5
Bxd2 13. Naxb6 axb6 14. Qxd2 {fails to get an objective advantage, but the
structural weakness combines well with a rating superiority.}) 12... Nxc4 13.
Bxc4 Bd7 ({On principle, since White is about to question the black bishop
pair, it makes sense to question White's first:} 13... h6 $1 14. Bxf6 Qxf6 15.
Qb3 Bd6 $11) 14. Qb3 Bxc3 (14... Be7 15. Rad1 Bc6 16. Rfe1 {is not a disaster,
but not fun for Black either with d5 coming soon, unless the tactics after ...
Qa5 work.} (16. d5 $5 {is simpler to calculate without an engine:} Nxd5 17.
Bxd5 exd5 18. Bxe7 Qxe7 19. Nxd5 Bxd5 20. Rxd5 Rad8 21. Rfd1 $11 {and Black
has to play a couple more accurate moves to show his equality.})) 15. bxc3 Bc6
{It requires great maturity from the Black player - certainly more than I have
at my present age of 23 - to notice that despite the white bishop pair and pin
on the h4-d8 diagonal, things are actually going just fine.} 16. Rfe1 Rc8 17.
Bf1 a6 {Thinking, presumably, of playing both ...Qd5 and ...Bb5.} 18. Re3 $6 {
Now there is no hope of an advantage.} (18. Bh4 $5 {leads to a position which
might not be better, but certainly demands a bit more coolness from Black.})
18... Qd5 19. Bxf6 (19. Bf4 Bb5 $1 {is the point behind Black's 17th.}) 19...
gxf6 20. Qd1 b5 $1 21. a4 Kh8 22. axb5 axb5 23. Rg3 Rg8 24. Ra7 (24. Ra5 Rxg3
25. hxg3 Kg7 26. Qb1 Qd6 $1 {doesn't give anything either, because whenever
White takes b5, in the very same action c3 will drop, and there is no other
White plan that makes sense.}) 24... e5 $1 {Protecting f7 and simplifying.} 25.
Qd2 exd4 26. cxd4 Rxg3 27. hxg3 Kg7 28. Qb4 Ra8 $1 29. Rxa8 Bxa8 30. Qxb5 (30.
Qc5 Qe4 $1 {is an only move, but good enough. Tactics prevent both the
immediate capture of the b5-pawn and any kind of preparatory idea like f3.})
30... Qxd4 {There is nothing left to play for, and the requisite 30 moves have
been made.} 1/2-1/2

[Event "Nalchik FIDE GP"]
[Site "Nalchik"]
[Date "2009.04.26"]
[Round "10"]
[White "Mamedyarov, Shakhriyar"]
[Black "Svidler, Peter"]
[Result "1-0"]
[WhiteElo "2725"]
[BlackElo "2726"]
[Annotator "Ftacnik,L"]
[PlyCount "71"]
[EventDate "2009.04.15"]
[EventType "tourn"]
[EventRounds "13"]
[EventCountry "RUS"]
[EventCategory "19"]
[SourceTitle "CBM 130"]
[Source "ChessBase"]
[SourceDate "2009.05.20"]
[SourceVersion "1"]
[SourceVersionDate "2009.05.20"]
[SourceQuality "1"]

1. d4 d5 2. c4 c6 3. Nc3 Nf6 4. e3 e6 5. Nf3 Nbd7 6. Qc2 Bd6 7. g4 h6 {The
moderate reaction to White's aggressive advance is winning recognition. The
first player may end up without proper compensation for his exposed pawn
structure.} 8. h3 (8. Bd2 a6 9. h3 dxc4 $5 10. Bxc4 (10. e4 Be7 11. e5 Nd5 12.
Bxc4 Nxc3 13. Bxc3 b5 14. Be2 Bb7 15. O-O b4 16. Bd2 c5 17. Rad1 cxd4 18. Bf4
Rc8 19. Qd2 Nb6 20. Qxd4 Nd5 $15 {0-1 Milanovic,D (2529)-Kotanjian,T (2578)/
Kavala 2008 (77)}) 10... b5 11. Bd3 Bb7 12. g5 hxg5 13. Nxg5 c5 14. Rg1 Qe7 15.
Nce4 cxd4 16. Nxd6+ Qxd6 17. Bg6 Ne5 18. Nxf7 Nxf7 19. Bxf7+ Kf8 20. Bg6 Rc8
$11 {1/2-1/2 Zvjaginsev,V (2658)-Burmakin,V (2534)/St Petersburg 1999 (28).
With both kings on shaky ground the chances were even.}) 8... a6 9. c5 {
The partial closure of the centre should help White to control his opponent's
counterplay. In the few games Black got excellent development after opening
the kingside.} (9. Rg1 Qe7 (9... dxc4 10. e4 e5 11. Bxc4 b5 12. Be2 c5 13. d5
c4 14. Be3 Qe7 15. a4 Rb8 16. axb5 axb5 17. Kf1 Nc5 18. Kg2 h5 19. g5 Nh7 20.
Kh2 Nf8 21. Nh4 Ng6 $11 {0-1 Prohaszka,P (2512)-Potkin,V (2613)/Budva 2009 (34)
}) 10. Bd2 (10. h4 Bb4 11. Bd2 Bxc3 12. Bxc3 Ne4 13. Bd3 Nxc3 14. Qxc3 dxc4 15.
Qxc4 c5 16. Rc1 b5 17. Qc2 Bb7 18. Be4 Bxe4 19. Qxe4 O-O 20. g5 $14 {1-0
Rodshtein,M (2530)-Iljushin,A (2501)/Dresden 2007 (45)}) 10... dxc4 11. Bxc4 b5
12. Be2 c5 13. h4 b4 14. Na4 Bb7 15. dxc5 Nxc5 16. Nxc5 Bxc5 17. Ne5 Bd6 18.
Qa4+ Kf8 {Black had nothing to fear with good pieces, only the king was
somewhat inconvenienced in 0-1 Rodshtein,M (2520)-Drozdovskij,Y (2562)/
Cappelle la Grande 2007 (48)} 19. Nc4 a5 20. f3 $11) 9... Bc7 10. Bd2 b5 {
With a different move order the players have reached a position, that has
already been tested on the international scene. Svidler might have played more
cleverly by advancing his pawn only to b6.} (10... e5 11. dxe5 Nxe5 12. Nxe5
Bxe5 13. O-O-O Qe7 14. Na4 Ne4 15. Ba5 f5 16. Bd3 O-O 17. f3 Ng3 18. Rhg1 fxg4
19. f4 Nf5 20. Bd2 $6 (20. fxe5 Nxe3 $13) 20... Bc7 $17 {1/2-1/2 Avrukh,B 
(2657)-Gustafsson,J (2634)/Germany 2009 (70)}) (10... b6 $5) 11. cxb6 {[%mdl 4]
The new direction of the battle is quite different to what has been happening.
Svidler might have discovered in his preparation, that after the immediate
opening of the centre with ...e6-e5 the position would be far from clear.} (11.
Bd3 e5 (11... Qe7 12. Ne2 e5 13. dxe5 Nxe5 14. Nxe5 Bxe5 15. f4 Bc7 16. O-O-O
Bd7 17. Kb1 Kd8 18. Nd4 $2 (18. Ng3 $16) 18... Re8 19. b4 Ne4 20. Bc1 a5 $132 {
1-0 Krasenkow,M (2661)-Nay Oo Kyaw Tun (2595)/Shanghai 2000/ (61)}) 12. dxe5
Nxe5 13. Nxe5 Bxe5 14. f4 Bc7 15. O-O-O O-O $13) 11... Nxb6 12. Bd3 (12. e4
dxe4 13. Nxe4 O-O 14. Nxf6+ Qxf6 15. Qe4 $14) 12... Bd6 $5 {Black is
demonstrating an independent mind and a clear evaluation of the position. The
bishop belongs to the a3-f8 diagonal and the loss of time is not so critical
due to the closed character of the position.} (12... Nc4 13. Bxc4 dxc4 14.
O-O-O O-O 15. e4 $16) 13. e4 Be7 (13... dxe4 14. Nxe4 Nxe4 15. Qxc6+ Bd7 16.
Qxe4 Nd5 17. O-O Bb5 18. Rfc1 $16) 14. O-O-O Bb7 15. Kb1 (15. g5 hxg5 16. Bxg5
Rc8 $11) 15... Rc8 16. Rhg1 {Mamedyarov is an exceptionally gifted tactician
in attack, but breaking Black's very solid position will be far from easy.} (
16. e5 Nfd7 17. Na4 c5 18. Ba5 c4 19. Be2 Bc6 20. Nc3 Nf8 $11) 16... c5 $1 17.
dxc5 (17. exd5 $2 Nfxd5 $17) 17... Bxc5 18. g5 {In the fight for any advantage
White is prepared to accept the risks. Objectively stronger might have been
the centralisation of the bishop.} (18. Be3 Bxe3 19. fxe3 Nbd7 (19... dxe4 20.
Bb5+ Nbd7 21. Bxd7+ Nxd7 22. Ne5 Bd5 23. Qa4 Rxc3 24. Nxd7 Rc7 25. Nb6+ Ke7 26.
Qxa6 $14) 20. e5 Ne4 21. Bxe4 dxe4 22. Nd2 Qb6 $11) 18... dxe4 (18... hxg5 $5
19. Bxg5 d4 20. Na4 Nxa4 21. Qxa4+ Qd7 22. Qxd7+ Nxd7 $15) 19. Nxe4 (19. gxf6
$2 exd3 20. Qb3 Bxf3 $19) 19... Nxe4 (19... Bxf2 $2 20. Bc3 Nxe4 (20... Bxg1
21. gxf6 $18) 21. Bxe4 Bd5 22. Bxd5 Nxd5 23. Qxf2 Rxc3 24. gxh6 Rxh6 25. Rxg7
$16) 20. Bxe4 Bxe4 {Svidler is a very experienced player and it comes as no
surprise, that he is not trying to provoke the opponent with fuzzy moves in
the sharp position.} (20... Qe7 21. gxh6 Bxf2 22. hxg7 Rg8 23. Bc6+ $3 Bxc6 24.
Qh7 Be4+ 25. Qxe4 Bxg1 26. Qh7 Rxg7 27. Qxg7 $18) 21. Qxe4 Qd5 22. Qe2 (22.
Qxd5 Nxd5 23. gxh6 gxh6 24. Ne5 $11) 22... hxg5 (22... Qc4 23. Qxc4 Nxc4 24.
gxh6 gxh6 $11) 23. Nxg5 Rh4 {After the rook move the black king will
definitely remain in the centre, but even more importantly all the black
pieces are concentrated there as well.} (23... Qc4 $2 24. Qf3 Rf8 25. Ne4 $16)
24. Bc3 Qc4 (24... Qf5+ 25. Ka1 Rf4 26. Qxa6 Bxf2 27. Nxf7 Qxf7 28. Qb5+ Kf8
29. Bxg7+ Ke7 30. Be5 Rf5 $13) 25. Qf3 (25. Qd2 g6 26. Qc2 Nd5 27. Nxf7 Nxc3+
28. bxc3 Rxh3 $11) 25... Rf4 26. Qb7 Bxf2 {Beauty lies in simple solutions.
Due to his excellent coordination Black has nothing to fear.} (26... Qa4 27.
Bd2 Bd4 28. Rc1 Rxc1+ 29. Rxc1 Qb5 30. Qb8+ Ke7 31. Qb7+ Ke8 $11) 27. Rgf1 Nd5
(27... Qc6 28. Qxa6 Rf5 $11) 28. Be5 Rf5 (28... Qc2+ $2 29. Ka1 Rf5 30. Ne4 $1
$18) 29. Rc1 Qd3+ 30. Ka1 Rd8 (30... Rc2 31. Qb8+ Ke7 32. Qd6+ $11) 31. Qc6+
Ke7 $2 {The sad truth is that our greatest enemy in chess is ourself; this has
been perfectly proven for the umpteenth time. Svidler might have forced a
repetition with the rook move, but surely wanted to win. Unfortunatelly the
centralisation is a fatal tactical slip.} (31... Kf8 32. Nxe6+ (32. Rxf2 Rxg5
33. Qxe6 Qg6 $11) 32... fxe6 33. Rxf2 Rxf2 34. Qc5+ Kg8 35. Qxf2 Nb4 36. Qc5
Qd5 37. Qxb4 Qxe5 $11) (31... Rd7 $1 32. Qc8+ Rd8 (32... Ke7 $2 33. Rxf2 Rxg5
34. Rxf7+ $18) 33. Qc6+ $11) 32. Rxf2 $1 Rxg5 (32... Rxf2 33. Qc5+ Ke8 34. Qxf2
f6 35. Nxe6 $18) 33. Qb7+ Rd7 34. Rxf7+ $1 Kxf7 35. Qxd7+ Kg8 (35... Kg6 36.
Qxg7+ Kf5 (36... Kh5 37. Qh8+ Kg6 38. h4 $18) 37. Qh7+ Rg6 38. Rg1 $18) 36.
Bxg7 {The only truly mysterious move in the game. Mamedyarov could have
grabbed the rook, but instead he choses the combinatory solution underlining
the futility of resistance. Black duly stopped the clock.} (36. Qd8+ Kh7 37.
Qxg5 $18) (36. Bxg7 Qc2 (36... Rxg7 37. Qe8+ Kh7 38. Qh5+ Kg8 39. Rc8#) 37.
Qd8+ Kxg7 38. Qxg5+ Qg6 39. Qxg6+ Kxg6 40. Rc6 $18) 1-0

[Event "Cologne TVm2"]
[Site "Cologne"]
[Date "1992.??.??"]
[Round "2"]
[White "Huebner, Robert"]
[Black "Kasparov, Garry"]
[Result "0-1"]
[WhiteElo "2630"]
[BlackElo "2790"]
[Annotator "Ftacnik,L"]
[PlyCount "30"]
[EventDate "1992.??.??"]
[EventType "match"]
[EventRounds "2"]
[EventCountry "GER"]
[SourceTitle "CBM 032"]
[Source "ChessBase"]
[SourceDate "1993.02.01"]
[SourceVersion "1"]
[SourceVersionDate "1993.02.01"]
[SourceQuality "1"]

1. d4 d5 2. c4 e6 3. Nc3 c6 4. Nf3 Nf6 5. e3 Nbd7 6. Qc2 Bd6 7. Be2 O-O 8. O-O
Re8 9. Rd1 Qe7 10. e4 Nxe4 11. Nxe4 dxe4 12. Qxe4 e5 13. Bg5 (13. c5 $2 exd4
14. Qc2 Nxc5 15. Nxd4 Bg4 16. Be3 Bxe2 17. Qxe2 g6 18. Qc4 Qe4 19. Rac1 Rad8
20. Qc3 Qe5 21. g3 Qh5 22. Qa5 f5 23. Qb4 f4 24. gxf4 $19 {Kozul,Z-Klaric,Z/
Montpellier-A/1989/}) (13. dxe5 Nxe5 14. Nxe5 Qxe5 15. Qxe5 Bxe5 16. Bd3 Bg4
17. f3 Bh5 18. Rb1 Rad8 19. Be3 Bg6 20. Bxg6 hxg6 21. Kf2 b5 22. cxb5 cxb5 23.
Bxa7 Ra8 24. Bd4 $10 {Mahmud,S-Yasseen,A/Doha op/1992/}) 13... Qf8 (13... f6
14. Be3 (14. Bh4 exd4 15. Qxd4 $5 Bc5 16. Qc3 Nf8 $10 {Maiwald,JU-Kramnik,V/
Guarapuava/1991/}) 14... exd4 (14... Qf8 15. Qc2 e4 16. Nd2 f5 17. d5 c5 18. b4
cxb4 19. Nb3 f4 20. Bd4 f3 21. Bf1 fxg2 22. Bxg2 Qf4 23. c5 Qxh2+ 24. Kf1 {
0-1/Smit,A-Bashkov,V/Kemerovo/1991/}) 15. Qxe7 Bxe7 {0,5/Ivanovic,B-Sveshnikov,
E/Belgrade GMA-op/1988/} (15... Bxe7 16. Nxd4 Nc5 (16... Ne5 17. h3 a5 18. f4
Nf7 19. Bf3 Nd6 20. Bf2 Nxc4 21. Nxc6 bxc6 22. Bxc6 Be6 23. Re1 Kf7 24. f5 $16
{Smit,A-Kozirev,A/URS-sf Voronez/1991/}) 17. Bf3 a5 18. b3 (18. h3 Kf7 19. b3
g6 20. Ne2 Be6 21. Nf4 Bc8 22. Rac1 Bf8 23. Rc2 Bf5 24. Rcd2 $10 {Eingorn,
V-Sveshnikov,E/Moscow GMA-op/1989/}) 18... Kf7 19. h4 g6 20. g3 h5 21. Kg2 Bf8
22. Rac1 Rd8 23. Rd2 Re8 24. Bf4 $10 {Wilder,M-Sveshnikov,E/Belgrade GMA-op/
1988/})) (13... Nf6 14. Bxf6 gxf6 15. dxe5 fxe5 16. Nh4 Bc5 17. Rd3 Bxf2+ 18.
Kxf2 f5 19. Nxf5 Bxf5 20. Rg3+ Kh8 21. Qe3 Rad8 22. Kg1 Rd4 23. Rf1 Bg6 $10 {
Engqvist,T-Renman,N/SVE-ch/1989/}) 14. Bd3 (14. dxe5 Nxe5 15. Qc2 Nxf3+ 16.
Bxf3 Bc5 17. a3 a5 18. Rd2 Be6 19. Rad1 a4 20. h3 h6 21. Bf4 Qe7 22. Bd6 Bxd6
23. Rxd6 Qg5 24. Qc1 $10 {Hauchard,A-Kaidanov,G/Torcy op/1991/}) 14... f5 15.
Qxf5 $2 (15. Qh4 e4 16. c5 Bxc5 (16... Be7 17. Bc4+ Kh8 18. Bxe7 Rxe7 19. Ng5
$13) 17. Bc4+ Kh8 18. dxc5 exf3 19. Bf4 b5 20. Bb3 a5 21. Bd6 Qf6 22. Qh5 g6
23. Qxf3 a4 24. Bc2 $14 {Baikov,V-Gagarin,V/Moscow/1989/}) 15... Nf6 0-1

[Event "Leon"]
[Site "Leon"]
[Date "1994.??.??"]
[Round "9"]
[White "Kortschnoj, Viktor Lvovich"]
[Black "Beliavsky, Alexander G"]
[Result "0-1"]
[WhiteElo "2615"]
[BlackElo "2650"]
[Annotator "Ftacnik,L"]
[PlyCount "62"]
[EventDate "1994.05.??"]
[EventType "tourn"]
[EventRounds "9"]
[EventCountry "ESP"]
[EventCategory "12"]
[SourceTitle "CBM 042"]
[Source "ChessBase"]
[SourceDate "1994.10.01"]
[SourceVersion "1"]
[SourceVersionDate "1994.10.01"]
[SourceQuality "1"]

1. c4 c6 2. d4 d5 3. e3 Nf6 4. Nc3 e6 5. Nf3 Nbd7 6. Qc2 Bd6 7. b3 O-O 8. Bb2 (
8. Be2) 8... e5 9. cxd5 cxd5 10. dxe5 Nxe5 11. Be2 (11. Nb5) 11... Nxf3+ $1 12.
Bxf3 d4 13. exd4 $2 (13. Ne4 Nxe4 14. Bxe4 dxe3 15. O-O exf2+ 16. Qxf2 $44)
13... Re8+ 14. Kf1 (14. Ne2 Bb4+ 15. Bc3 Bf5 $1 16. Qd2 (16. Qxf5 Bxc3+) 16...
Bxc3 17. Qxc3 Rc8 18. Qb4 Bd3 $17) 14... Qa5 15. Qd1 (15. Rd1 Bf5 16. Qd2 Rac8
$17) 15... Bb4 16. Rc1 Bd7 (16... Bf5 17. g4 $132) (16... Be6 $5) 17. a3 (17.
Bxb7 $2 Bxc3 18. Bxc3 Qb5+ $19) 17... Bxc3 18. Rxc3 (18. Bxc3 Qxa3 19. Bxb7
Rab8 20. Ra1 Qe7 21. Bf3 Ne4 22. Bxe4 Qxe4 $40) 18... Nd5 19. Bxd5 (19. Rc5 $2
Bb5+ 20. Kg1 Re1+) 19... Qxd5 20. a4 Rac8 21. f3 (21. Rxc8 Bxc8) 21... Rxc3 22.
Bxc3 Re3 23. Ba1 (23. Qd2 $2 Rxf3+ 24. gxf3 Qxf3+ 25. Kg1 Bc6 $19) 23... Rxb3
24. Kf2 Bxa4 25. Re1 f6 (25... Rb2+ $4 26. Bxb2 Bxd1 27. Re8#) 26. Qc1 Bc6 27.
Qf4 h5 28. h4 Ra3 29. Kg3 Ra2 30. Bc3 Qf7 31. Qf5 $2 (31. Kh3 Qg6 32. Bd2 Qd3
$19) 31... Qc7+ (31... Qc7+ 32. Qf4 Rxg2+ $19) 0-1